| 000 | 00815cam a22002777a 4500 | ||
|---|---|---|---|
| 003 | CHAP | ||
| 005 | 20220817042850.0 | ||
| 008 | 971013s1972 r 00010 d | ||
| 010 | _a58177 | ||
| 011 | _a59149 | ||
| 035 | _a63306 | ||
| 040 | _cCHAP | ||
| 082 |
_a301.3 _bS5 |
||
| 100 | 0 | 0 |
_aSmith, Robert Leo. _9107119 |
| 245 | 1 | 4 | _aThe ecology of man ; an ecosystem approach |
| 260 |
_aNew York : _bHarper and Row, _c1972 |
||
| 300 |
_a436 p. _b: ilus. |
||
| 590 |
_aBATCH-UPD _b10 _c20130110 _lUCH01 _h0641 |
||
| 590 |
_aBATCH-UPD _b10 _c20130410 _lUCH01 _h0326 |
||
| 590 |
_aBATCH-UPD _b10 _c20130914 _lUCH01 _h1248 |
||
| 590 |
_aCONVERSION _b10 _c20130109 _lUCH01 _h1331 |
||
| 650 | 1 | 4 | _aEcologĂa humana. |
| 901 | _aBK | ||
| 942 | _cLIBRO | ||
| 949 |
_a301.3 S5 _bBC _cLIBRO _d33724000295150 _eLIBRO _h29772 _i63306 _si |
||
| 999 |
_c58177 _d58177 |
||